Best Wide Receivers In NFL History - Statistics

General Stats
  • This quiz has been taken 87 times
  • The average score is 21 of 37
Answer Stats
Hint Answer % Correct
49ers Jerry Rice
97%
Vikings Randy Moss
97%
Lions Calvin Johnson
93%
Texans Andre Johnson
86%
Bengals Chad Johnson
86%
Cardinals Larry Fitzgerald
86%
Steelers Antonio Brown
82%
Jets Keyshawn Johnson
82%
Colts Marvin Harrison
81%
Panthers Steve Smith Sr
76%
Falcons Julio Jones
72%
Seahawks Steve Largent
69%
49ers Terrell Owens
69%
Cowboys Michael Irvin
68%
Buccaneers Mike Evans
68%
Packers Davante Adams
66%
Rams Cooper Kupp
59%
Vikings Cris Carter
58%
Rams Isaac Bruce
55%
Bills Andre Reed
50%
Broncos Demaryius Thomas
50%
Broncos Sterling Sharpe
50%
Steelers Hines Ward
49%
Giants Odell Beckham Jr
49%
Cardinals Deandre Hopkins
47%
Colts Reggie Wayne
47%
Redskins Art Monk
46%
Eagles Desean Jackson
45%
Steelers Lynn Swann
42%
Packers Don Hutson
36%
Dolphins Mark Clayton
30%
Lions Herman Moore
28%
Cardinals Anquan Boldin
27%
Jets Brandon Marshall
26%
Baltimore Colts Raymond Berry
22%
Steelers Plaxico Burress
19%
Rams Elroy Hirsch
9%
No matching quizzes found
Score Distribution
Percent of People with Each Score
Percentile by Number Answered
Your Score History
You have not taken this quiz